| 000 | 00933nam a2200253 a 4500 | ||
|---|---|---|---|
| 001 | BRCA_3784 | ||
| 005 | 20190320204426.0 | ||
| 008 | 141109s1846----mx-a---###---#000-0#spa-# | ||
| 041 | _aspa | ||
| 044 | _amx | ||
| 050 | 4 |
_aF1232 _b.S26 1846 |
|
| 245 | 1 | 0 | _aCausa criminal instruida al exmo. Sr. presidente constitucional, general de división Don Antonio López de Santa-Anna, acusado del delito de traición contra la forma de gobierno establecida en las bases orgánicas. |
| 260 |
_aMéxico _bImp. de Lara _c1846 |
||
| 300 |
_avarias paginaciones. _bil. _c20 cm. |
||
| 500 | _aEditado por Pablo Vergara. | ||
| 500 | _aIncluye apéndice ``Documento``. | ||
| 500 | _aB142 | ||
| 600 | 1 | 4 |
_aSanta Anna, Antonio López de _d1795-1876. _99863 |
| 650 | 1 | 4 |
_aMéxico _eHistoria _y1821-1861. _99864 |
| 650 | 1 | 4 |
_aMéxico _ePolítica y gobierno _y1821-1861. _99864 |
| 700 | 1 |
_aVergara, Pablo _eed _99865 |
|
| 902 | _aGFM | ||
| 942 |
_2lcc _cB |
||
| 999 |
_c3513 _d3513 |
||